TOEFL iBT M - Speaking Intermediate Level
Hướng dẫn những vấn đề cơ bản về kiểu câu hỏi, giúp nâng cao khả năng phát âm, lựa chọn từ vựng và nâng cao trình độ ngữ pháp cần thiết trong kỹ năng nói.
Сохранить в:
| Главный автор: | |
|---|---|
| Формат: | |
| Язык: | Undetermined |
| Опубликовано: |
Tp. Hồ Chí Minh
Tổng hợp Tp. Hồ Chí Minh
2008
|
| Предметы: | |
| Online-ссылка: | http://lrc.tdmu.edu.vn/opac/search/detail.asp?aID=2&ID=14178 |
| Метки: |
Добавить метку
Нет меток, Требуется 1-ая метка записи!
|
| Thư viện lưu trữ: | Trung tâm Học liệu Trường Đại học Thủ Dầu Một |
|---|
| LEADER | 00934nam a2200217Ia 4500 | ||
|---|---|---|---|
| 001 | TDMU_14178 | ||
| 008 | 210410s9999 xx 000 0 und d | ||
| 082 | |a 428.3 | ||
| 090 | |b L250 | ||
| 100 | |a Lê, Huy Lâm | ||
| 245 | 0 | |a TOEFL iBT M - Speaking | |
| 245 | 0 | |b Intermediate Level | |
| 245 | 0 | |c Lê Huy Lâm | |
| 260 | |a Tp. Hồ Chí Minh | ||
| 260 | |b Tổng hợp Tp. Hồ Chí Minh | ||
| 260 | |c 2008 | ||
| 300 | |a 256tr. | ||
| 520 | |a Hướng dẫn những vấn đề cơ bản về kiểu câu hỏi, giúp nâng cao khả năng phát âm, lựa chọn từ vựng và nâng cao trình độ ngữ pháp cần thiết trong kỹ năng nói. | ||
| 650 | |a Tiếng Anh |x Kỹ năng nói |v Sách luyện nói; TOEFL | ||
| 856 | |u http://lrc.tdmu.edu.vn/opac/search/detail.asp?aID=2&ID=14178 | ||
| 980 | |a Trung tâm Học liệu Trường Đại học Thủ Dầu Một | ||